Normal view
MARC view
- Ul Rehman, Muhammad Masood
Entry Personal Name
001 - CONTROL NUMBER
- control field: 118427
003 - CONTROL NUMBER IDENTIFIER
- control field: NUST
005 - DATE AND TIME OF LATEST TRANSACTION
- control field: 20231009112803.0
008 - FIXED-LENGTH DATA ELEMENTS
- fixed length control field: 231009|| aca||aabn | a|a d
040 ## - CATALOGING SOURCE
- Original cataloging agency: NUST
- Transcribing agency: NUST
100 ## - HEADING--PERSONAL NAME
- Personal name: Ul Rehman, Muhammad Masood
670 ## - SOURCE DATA FOUND
- Source citation: Work cat.: (NUST): Ul Rehman, Muhammad Masood, Augmented Reality Head Mounted Display For Infantry Soldiers /
